000
00307nam a22001337a 4500
008
171016b xxu||||| |||| 00| 0 eng d
020
_a
394318994
041
_a
eng
080
_2
2ND
_a
33
100
_a
52
101
_a
EKO
245
_a
AN INTRODUCTION TO REGIONAL ECONOMICS
_c
HOOVER,E.M
942
_2
udc
_c
BK
999
_c
34109
_d
34109